Detalles MARC
| 000 -CABECERA |
| campo de control de longitud fija |
01441nam a2200205 a 4500 |
| 001 - NÚMERO DE CONTROL |
| campo de control |
000012769 |
| 005 - FECHA Y HORA DE LA ÚLTIMA TRANSACCIÓN |
| campo de control |
20200929163054.0 |
| 008 - DATOS DE LONGITUD FIJA--INFORMACIÓN GENERAL |
| campo de control de longitud fija |
150130s1999 dr ac r 000 0 spa d |
| 020 ## - NÚMERO INTERNACIONAL ESTÁNDAR DEL LIBRO |
| Número Internacional Estándar del Libro |
8484002853 (v. 5) |
| 040 ## - FUENTE DE LA CATALOGACIÓN |
| Centro catalogador/agencia de origen |
DO-SdBNP |
| Lengua de catalogación |
spa |
| Centro/agencia transcriptor |
BNPHU |
| 082 ## - NÚMERO DE LA CLASIFICACIÓN DECIMAL DEWEY |
| Número de clasificación |
xxxx |
| Número de documento/Ítem |
xxxx |
| 245 00 - MENCIÓN DE TÍTULO |
| Título |
Lengua y literatura : |
| Resto del título |
educación básica / |
| Mención de responsabilidad, etc. |
dirección editorial Lourdes Camilo de Cuello. |
| 250 ## - MENCIÓN DE EDICIÓN |
| Mención de edición |
4a. ed. |
| 260 ## - PUBLICACIÓN, DISTRIBUCIÓN, ETC. |
| Lugar de publicación, distribución, etc. |
Santo Domingo : |
| Nombre del editor, distribuidor, etc. |
Vincens Vives, |
| Fecha de publicación, distribución, etc. |
1999 |
| Fabricante |
Taller |
| 300 ## - DESCRIPCIÓN FÍSICA |
| Extensión |
8 v. : |
| Otras características físicas |
il., retrs. ; |
| Dimensiones |
28 cm. |
| 500 ## - NOTA GENERAL |
| Nota general |
educación básica |
| 500 ## - NOTA GENERAL |
| Nota general |
La biblioteca solamente posee el volumen 5. |
| 505 1# - NOTA DE CONTENIDO CON FORMATO |
| Nota de contenido con formato |
v. 5 : |
| Información miscelánea |
unidad 1 -- |
| Título |
Revista "La Escue" -- |
| Información miscelánea |
unidad 2 -- |
| Título |
La conquista del fuego -- |
| Información miscelánea |
unidad 3 -- |
| Título |
Los tres pretendientes -- |
| Información miscelánea |
unidad 4 -- |
| Título |
Concurso -- |
| Información miscelánea |
unidad 5 -- |
| Título |
Datos biográficos de Juan P. Duarte -- |
| Información miscelánea |
unidad 6 -- |
| Título |
El secuestro de la bibliotecaria -- |
| Información miscelánea |
unidad 7 -- |
| Título |
El adivino -- |
| Información miscelánea |
unidad 8 -- |
| Título |
Invitación a la poesía -- |
| Información miscelánea |
unidad 9 -- |
| Título |
Nuestro amigo el leopardo -- |
| Información miscelánea |
unidad 10 -- |
| Título |
El hombrecito vestido de gris -- |
| Información miscelánea |
unidad 11 -- |
| Título |
"Bien puede ser" -- |
| Información miscelánea |
unidad 12 -- |
| Título |
Las huellas secretas -- |
| Información miscelánea |
unidad 13 -- |
| Título |
Aterrizaje en la luna -- |
| Información miscelánea |
unidad 14 -- |
| Título |
El gigante y el enano -- |
| Información miscelánea |
unidad 15 -- |
| Título |
Aquellos pobres fantasmas -- |
| Información miscelánea |
unidad 16 -- |
| Título |
Cómo Till enseña a leer a un asno -- |
| Información miscelánea |
unidad 17 -- |
| Título |
Materiales de infancia -- |
| Información miscelánea |
unidad 18 -- |
| Título |
El carnaval dominicano -- |
| -- |
Apéndice gramatical -- |
| 700 12 - PUNTO DE ACCESO ADICIONAL--NOMBRE DE PERSONA |
| Nombre de persona |
Camilo de Cuello, Lourdes, |
| Término indicativo de función/relación |
dir. ed. |
| 9 (RLIN) |
13081 |